01440nam a2200301 i 4500001000700000003000900007005001700016007000300033008004100036016003100077017004900108020001600157035002100173035002700194035002300221040002900244080002100273100005100294245035800345260014400703300006400847336002200911337003000933338002400963600001300987655004001000852009801040197626ES-MaACL20250805062653.0ta980720s1998 sp | ||| ||spa 7 abimoBNE199818343982SpMaBN aM 8812-1998bOficina Depósito Legal Madrid a84898950157 a(OCoLC)733473812 a(SpMaBN)bimo0000937991 a991039754759708606 aSpMaBNbspacSpMaBNerdc a75 Greco (064.3) aPérez Sánchez, Alfonso E.,d1935-2010eorm13aEl Greco, conocido y redescubierto : b1998 : Fundación Fondo de Cultura de Sevilla, Hospital de los Venerables, Sevilla, marzo/abril : Fundación Central Hispano, Salas de Exposiciones, Madrid, mayo/junio : Museo de Bellas Artes de Asturias, Palacio de Velarde, Oviedo, junio/julio / cpreparación, texto y catálogo, Alfonso E. Pérez Sánchez aSevillabFundación Fondo de Cultura de Sevilla ;aMadridbFundaciónCentral Hispano ;aOviedobMuseo de Bellas Artes de Asturiasc[1998] a91 páginasbilustraciones a color y blanco y negroc28 cm 2rdacontentatexto 2rdamediaasin mediación 2rdacarrieravolumen04aEl Greco 72tgfbneaCatálogos de exposiciones aES-MaACLcDEPO1jA-15714hDonación: Fernando Codina RodríguezxEncuadernación rústica